000 00354nam a2200145Ia 4500
008 150201s2012 xx 000 0 und d
082 _a574.88
_bC12R
100 _aROBERTIS , E.D.P.DE
245 _aCELL & MOLECULAR BIOLOGY
250 _a8TH
260 _bWOLTERS KLUWER
_aDELHI
_c2012
300 _a1-734
650 _aBIOCHEMISTRY
942 _2ddc
_cBK
_01
999 _c1642
_d1642